| 000 | 00377nam a2200145 a 4500 | ||
|---|---|---|---|
| 005 | 20140414093845.0 | ||
| 008 | 091013s19uu xx uuu eng d | ||
| 050 |
_aCDB 531 _bB67 2009 |
||
| 100 | _aBowerman, Bruce L. | ||
| 245 |
_aBusiness statistics in practice / _cBowerman, Bruce L. |
||
| 250 | _a5th edition | ||
| 650 | _aStatistics. | ||
| 942 | _cAVM | ||
| 999 |
_c109547 _d109547 |
||